Communauté de Communes Dômes-Sancy Artense (63) - Statistiques

Statistiques générales
  • Ce quiz a été pris 6 fois
  • Le résultat moyen est 9 sur 26
Statistiques - réponses
Réponse % Correct
Bagnols
67%
Larodde
67%
La-Tour-d'Auvergne
67%
Orcival
67%
Singles
67%
Tauves
67%
Aurières
33%
Ceyssat
33%
Cros
33%
Laqueuille
33%
Mazaye
33%
Nebouzat
33%
Olby
33%
Perpezat
33%
Rochefort-Montagne
33%
Saint-Bonnet-près-Orcival
33%
Saint-Donat
33%
Saint-Julien-Puy-Lavèze
33%
Saint-Sauves d'Auvergne
33%
Trémouille-Saint-Loup
33%
Vernines
33%
Avèze
0%
Gelles
0%
Heume-l'Eglise
0%
Labessette
0%
Saint-Pierre-Roche
0%
Aucun quiz correspondant
Distribution des résultats
% des personnes avec chaque résultat
Percentile par nombre de réponses
Votre historique - résultats
Vous n’avez pas pris ce quiz